Ενέγγυες πιστώσεις : ομοιόμορφοι κανόνες και συνήθειες του διεθνούς εμπορικού επιμελητηρίου, έκδοση 400
Αποθηκεύτηκε σε:
| Συγγραφή απο Οργανισμό/Αρχή: | |
|---|---|
| Μορφή: | Βιβλίο |
| Γλώσσα: | Greek |
| Δημοσίευση: |
Ενωση Ελληνικών Τραπεζών,
1983
|
| Ετικέτες: |
Προσθήκη ετικέτας
Δεν υπάρχουν, Καταχωρήστε ετικέτα πρώτοι!
|
MARC
| LEADER | 00000nam a2200000 i 4500 | ||
|---|---|---|---|
| 001 | 1/25250 | ||
| 008 | 960719s1984 gre d | ||
| 035 | |l 10022452 | ||
| 040 | |a GR-MY-UA |b gre |e aacr | ||
| 041 | 0 | |a gre | |
| 082 | 0 | |a 332 | |
| 110 | 2 | |a Ένωση Ελληνικών Τραπεζών. | |
| 245 | 1 | 0 | |a Ενέγγυες πιστώσεις : |b ομοιόμορφοι κανόνες και συνήθειες του διεθνούς εμπορικού επιμελητηρίου, έκδοση 400/1984 |
| 260 | |b Ενωση Ελληνικών Τραπεζών, |c 1983 | ||
| 300 | |a 83 σ. | ||
| 500 | |a Μετάφραση του κειμένου στα αγγλικά | ||
| 852 | |a INST |b CHIOS |e 19960719 |h 332 ΕΝΕ |p 005200007489 |q 005200007489 |t BK |y 0 | ||
| 852 | |a INST |b CHIOS |e 19960719 |h 332 ΕΝΕ |p 005200007490 |q 005200007490 |t BK |y 0 | ||
| 852 | |a INST |b CHIOS |e 19960724 |h 332 ΕΝΕ |p 005200008851 |q 005200008851 |t BK |y 0 | ||
| 852 | |a INST |b CHIOS |e 19960724 |h 332 ΕΝΕ |p 005200008854 |q 005200008854 |t BK |y 0 | ||
| 852 | |a INST |b CHIOS |e 19960724 |h 332 ΕΝΕ |p 005200008856 |q 005200008856 |t BK |y 0 | ||
| 909 | |a Χ |b 013563 | ||
| 909 | |a Χ |b 045862 | ||
| 909 | |a Χ |b 045859 | ||
| 909 | |a Χ |b 013562 | ||
| 909 | |a Χ |b 015597 | ||